| 000 | 00545nam a22001937a 4500 | ||
|---|---|---|---|
| 003 | OSt | ||
| 005 | 20250708063946.0 | ||
| 008 | 250708b |||||||| |||| 00| 0 eng d | ||
| 020 | _a0809428873 | ||
| 040 |
_aDWCL - Main lib _cOC |
||
| 082 | _aCirc. 641.675 E28 1980 | ||
| 245 | _a Egg and cheese/ | ||
| 260 |
_a Virginia : _bTime-Life Books, _cc1980. |
||
| 300 |
_a176 pages : _b illustrations (color) ; _c28 cm. |
||
| 504 | _aIncludes index. | ||
| 650 | _a1. Cooking--Cheese. | ||
| 650 | _a2. Cooking--Eggs | ||
| 942 |
_2ddc _cBK-CIRC _kCirc. _n0 |
||
| 999 |
_c3466 _d3466 |
||